| 000 | 00444nam a2200145Ia 4500 | ||
|---|---|---|---|
| 008 | 211109s9999||||xx |||||||||||||| ||und|| | ||
| 082 |
_a621.391 _bMAL-D |
||
| 100 | _aMalvino, Albert Paul | ||
| 245 | 0 | _aDigital Principles And Applications | |
| 260 |
_bMcgraw-Hill Book Company _aNew York _c1986 |
||
| 300 | _a535p. | ||
| 630 | _xGENERAL STACK | ||
| 650 |
_aTECHNOLOGY _vENGINEERING & ALLIED OPERATIONS _xAPPLIED PHYSICSGeneralia |
||
| 942 | _cBOOK | ||
| 999 |
_c41327 _d41327 |
||